000 00427nam a22001817a 4500
005 20160120111950.0
008 160120b xxu||||| |||| 00| 0 eng d
020 _cRs.20
040 _aLoreto College
082 _a891.44
_bDAT
245 _aJohn company bangali karmochari
250 _bNarayan Dutta
260 _aKolkata
_bNabopatro prakasan
300 _a260p.
650 _aBengali
850 _aLCLIB
942 _cBK
999 _c40400
_d90879